000 00701nam a2200253Ia 4500
003 OSt
005 20221005045803.0
006 a|||||r|||| 00| 0
007 ta
008 221004b |||||||| |||| 00| 0 ben d
020 _c50
024 _a27188
037 _b3, 18/01/2008, Mukta Dhara
_cTextual
040 _aCRL
_cCRL
_bben
041 _2ben
_aben
082 _aO157,3N, P6
100 _aBandopadhyay Sandeep
_9594013
245 0 _aKatha brittanta
260 _aKolkata
_bNew Age India
_c2006
300 _a192p.
_ccm.
650 _aBENGALI LITERATURE
942 _hO157,3N, P6
_cTEXL
_2cc
999 _c955718
_d955718